"Vondrak, Vortel, Viplaschil": tschechische Familiennamen in Wien

Titel: "Vondrak, Vortel, Viplaschil": tschechische Familiennamen in Wien = "Vondrak, Vortel, Viplaschil": Czech surnames in Vienna / Agnes Kim
Verfasser:
In: Brücken, Band 28, Heft 2 (2021), Seite 13-40
alle Artikel anzeigen
Veröffentlicht: 2021
Format: Aufsatz
Sprache: Deutsch
Schlagworte:
Kein Bild verfügbar
X
alg: 49659083
001A    $04505:08-07-22 
001B    $03025:23-08-22 $t15:02:55.000 
001D    $04505:08-07-22 
001U    $0utf8 
001X    $00 
002@    $0Aou 
002C    $aText $btxt $2rdacontent 
002D    $aohne Hilfsmittel zu benutzen $bn $2rdamedia 
002E    $aBand $bnc $2rdacarrier 
003@    $0496590839 
007A    $0496590839 $aHEB 
010@    $ager 
010E    $erda 
011@    $a2021 
021A    $a"Vondrak, Vortel, Viplaschil": tschechische Familiennamen in Wien $f"Vondrak, Vortel, Viplaschil": Czech surnames in Vienna $hAgnes Kim 
028A    $BVerfasser $4aut $8Kim, Agnes [Tp3] $9447107364 
031A    $d28 $e2 $h13-40 $j2021 
039B    $aEnthalten in $8--Abvc--. Brücken. - Prag : Philosophische Fakultät, Karls-Universität, 1985-. - ISSN 1803-456X $x202100000280002987 $9047392339 
044K    $#Wienn $#Viedeň $#Vinna $#Wiedeń Wien $#Vena $#Wienna $#Vin $#Biennē $#Viennē $#Wīn $#Bécs $#Vídeň $#Vjenë $#Dunaj $#Wenia $#Bundesland Wien $#Land Wien $#Stadt Wien $#Bundeshauptstadt Wien $#Bundesunmittelbare Stadt Wien $#Kaiserlich-Königliche Reichshaupt- und Residenzstadt Wien $#K.K. Reichshaupt- und Residenzstadt Wien $#Reichshaupt- und Residenzstadt Wien $#Reichsgau Wien $#Vienna $#Vienne Österreich $#Beč $#Viena $#Bécs $#Vindobona Wien $#Vienna Pannoniae $#Vindobona $#Vienna Austriae $#Vienne $#Gemeinde Wien $#Vienna Fluviorum $74066009-6 $8Wien [Tgz] $9085185515 
044K    $RPersonenname $#Names, Personal $#Noms de personnes $#Nachname $#Zuname $74016415-9 $8Familienname [Ts1] $9085038466 
044K    $RWestslawische Sprachen $#Tschechische Sprache $74061084-6 $8Tschechisch [Ts1] $9085169617 
045F    $a417.7094371 $eDDC23BSB 
045F/01 $a417.7 
045F/03 $g4371 
045F/03 $g436 
045T    $a7,20 
045T    $aLING $qDE-30 $2FID 
045T    $aGER $qDE-30 $2FID 
045W    $801.01.01.007.03.01$jWienerisch [Tkv] $913308969X 
045W    $801.07.17$jTschechisch [Tkv] $9133126447 
045W    $804.07.03$jFamiliennamen [Tkv] $9133073734 
045W    $803.17.03$jWortgeschichte [Tkv] $9133073599 
045W    $803.17.09$jNamen$vSprachwandel [Tkv] $9133094561 
045W    $804.07.01.005$jSozioonomastik [Tkv] $9133123014 
045W    $803.28.24$jNamen$vÜbersetzung von [Tkv] $9133116298 
045W    $804.03.13.007$jNamen$vSchreibweise fremder [Tkv] $9133116344 
045W    $804.07.33$jSlawische Namen [Tkv] $9133122786 
045W    $803.16.10$jEinwanderer/Auswanderer [Tkv] $9133092542 
045W    $803.25.02.017.06$jVorkommenshäufigkeit$vonom. [Tkv] $9133127958 

lok: 49659083 64

exp: 49659083 64 1 #EPN
201B/01 $008-07-22 $t09:27:27.000 
201C/01 $008-07-22 
201U/01 $0utf8 
203@/01 $01204809607 
208@/01 $a08-07-22 $be 
209A/01 $a0 $f000 $x00 
209B/01 $a48 $x05 
247C/01 $8Frankfurt, Bibliographie Linguistischer Literatur $9129368261 

lok: 49659083 78

exp: 49659083 78 1 #EPN
201B/01 $023-08-22 $t15:01:44.000 
201C/01 $023-08-22 
201U/01 $0utf8 
203@/01 $01212798031 
208@/01 $a23-08-22 $be 
209A/01 $a/ $f000 $x00 
209A/01 $ab*p $x01 
220C/01 $aeja 
244Z/01 $#Böhmische Kronländer $#Länder der Böhmischen Krone $#Sudetenland $#Böhmen $#Mähren $#Mährisch-Schlesien $#Österreichisch-Schlesien $#Tschechische Sozialistische Republik Böhmische Länder $#Tschechei Böhmische Länder $#Země koruny české $74069573-6 $8--Tg1--Böhmische Länder $x03 $9085195553 
247C/01 $82080>Marburg/Lahn, Herder-Institut, Forschungsbibliothek, Bibliographieportal $9336309341
LEADER 00000caa a2200000 c 4500
001 496590839
003 DE-603
005 20220823150255.0
007 tu
008 220708s2021 xx |||| | u00||u|ger c
035 |a (DE-599)HEB496590839 
040 |a DE-603  |b ger  |c DE-603  |d DE-603  |e rda 
041 |a ger 
082 0 4 |8 1\u  |a 417.7094371  |q DE-101  |2 23/BSB 
084 |a 7,20  |2 ssgn 
084 |a LING  |q DE-30  |2 fid 
084 |a GER  |q DE-30  |2 fid 
085 |8 1\u  |b 417.7 
085 |8 1\u  |z 2  |s 4371 
085 |8 1\u  |z 2  |s 436 
100 1 |a Kim, Agnes  |e Verfasser  |4 aut  |0 (DE-603)447107364  |0 (DE-588)1182369103  |2 gnd 
245 0 0 |a "Vondrak, Vortel, Viplaschil": tschechische Familiennamen in Wien  |b = "Vondrak, Vortel, Viplaschil": Czech surnames in Vienna  |c Agnes Kim 
264 0 |c 2021 
336 |a Text  |b txt  |2 rdacontent 
337 |a ohne Hilfsmittel zu benutzen  |b n  |2 rdamedia 
338 |a Band  |b nc  |2 rdacarrier 
650 7 |a Familienname  |0 (DE-588)4016415-9  |0 (DE-603)085038466  |2 gnd 
650 7 |a Tschechisch  |0 (DE-588)4061084-6  |0 (DE-603)085169617  |2 gnd 
651 7 |a Wien  |0 (DE-588)4066009-6  |0 (DE-603)085185515  |2 gnd 
773 0 8 |i Enthalten in  |t Brücken  |d Prag : Philosophische Fakultät, Karls-Universität, 1985-  |h 21 cm  |x 1803-456X  |g Band 28, Heft 2 (2021), Seite 13-40  |w (DE-603)047392339  |w (DE-600)228437-6 
924 0 |9 603  |a (DE-603)1204809607  |b DE-603  |c HES  |d d 
924 0 |9 2080  |a (DE-603)1212798031  |b DE-2080  |c HES  |d d  |g /